000 00336 a2200157 4500
001 171467
020 _a978-85-322-7125-9
040 _cMagnum
100 _aGaldino, Luiz
240 1 0 _aO mágico errado
_lpor
245 1 0 _aO mágico errado
300 _a39
362 0 _a2009
697 _aLITERATURA INFANTO-JUVENIL
942 _cBK
999 _c171467
_d171467